Education, religion, and the Supreme Court /

Bibliographic Details
Other Authors: McMillan, Richard C.
Format: Book
Language:English
Published: Danville, VA : Association of Baptist Professors of Religion, 1979.
Series:Perspectives in religious studies. Special studies series ; no. 6.
Subjects:

MARC

Tag First Indicator Second Indicator Subfields
LEADER 00000cam a2200000 i 4500
001 in00000097892
005 20150925115215.0
008 790404s1979 vau 00000 eng
010 |a  78074196  
020 |a 0932180051 :  |c $4.95 
035 |a (OCoLC)04884008 
035 |9 AAL3087AM 
040 |a DLC  |c DLC  |d TXA  |d UtOrBLW 
043 |a n-us--- 
049 |a TXAM  |c [931015] 
050 0 0 |a KF4124.A59  |b E38 
082 0 |a 344/.73/0796 
245 0 0 |a Education, religion, and the Supreme Court /  |c edited by Richard C. McMillan. 
264 1 |a Danville, VA :  |b Association of Baptist Professors of Religion,  |c 1979. 
300 |a 129 pages ;  |c 22 cm. 
336 |a text  |b txt  |2 rdacontent 
337 |a unmediated  |b n  |2 rdamedia 
338 |a volume  |b nc  |2 rdacarrier 
490 1 |a Perspectives in religious studies : Special studies series ;  |v no. 6 
650 0 |a Religious education  |x Law and legislation  |z United States  |x Cases. 
650 0 |a Church schools  |x Law and legislation  |z United States  |x Cases. 
700 1 |a McMillan, Richard C. 
830 0 |a Perspectives in religious studies.  |p Special studies series ;  |v no. 6. 
999 |a MARS 
999 f f |s 8f97b1f3-7b98-3ed6-bf95-029630185496  |i dc31bc4f-e868-3f97-801e-797e63832f07  |t 0 
952 f f |p ric  |a Texas A&M University  |b Rellis Campus  |c Joint Library Facility  |d Remote Storage  |t 0  |e KF4124.A59 E38  |h Library of Congress classification  |i unmediated -- volume  |m A14803180351 
998 f f |a KF4124.A59 E38  |t 0  |l Remote Storage